000
00280nam a22001097a 4500
041
_a
eng
080
_a
80
100
_a
Сазонова, Е. М.
245
_a
Пособие по переводу с русс. языка на немецкий.
650
_a
German
999
_c
279378
_d
279378
942
_c
BK